000 00662nam a2200229Ia 4500
003 OSt
005 20221007071805.0
006 a|||||r|||| 00| 0
007 ta
008 221006b |||||||| |||| 00| 0 eng d
024 _a12,868
037 _cTextual
040 _aFLL
_cFLL
_beng
041 _2eng
_aeng
082 _aV3:511.L, L9
100 _aGoodwin A. Au.
_9689429
245 0 _aFriends of liberty
_b The english democratic movment in the age of the french revolution
260 _aLondon
_bHutchinson London
_c1979
300 _a594p
_ccm.
942 _hV3:511.L, L9
_cTEXL
_2CC
999 _c1144327
_d1144327